000 00837nam a22002657a 4500
001 002336
003 DO-SdBNP
005 20180220142201.0
007 002336
008 160411b 2005 sp ||| |||| 00| 0 spa d
020 _a8434867338
040 _6BPMSU
_8spa
_aBPMSU
_crdc
245 _aDe todo corazón :
_b111 poemas de amor /
_cselección de José Maa Plaza ; ilustraciones Agatha Ruiz de la Prada.
250 _a
260 _aMadrid :
_bEdiciones SM,
_c2005
300 _a206 p. :
_bil. ;
_c22 cm.
490 _aEl barco de vapor
_v115
500 _aPara niños a partir de 12 años
700 _aPlaza, José María
_eselección
700 _aRuíz de la Prada, Ágata
_dil.
830 _aEl barco de vapor
_v115
942 _2ddc
_cBK
945 _aInventariado, 2018 / BT
956 _2VMATEO
_310
_620160411
_8BPMSU
_a0069
999 _c9675
_d9675